Science Quiz

Random Science or Animal Quiz
Score 0/25 Timer 06:00
0 Plays Today
% Correct
Lion
99.9%
Dog
99.3%
Polar Bear
98.2%
Elephant
97.9%
Duck
95.4%
Squirrel
95.2%
Bison
94%
Monkey
93.8%
Panda
93.3%
Fox
92.8%
Leopard
91.2%
Tiger
90.4%
Brown bear
89.9%
% Correct
Penguin
89.8%
Wolf
89.7%
Cat
89.5%
Otter
88.4%
Bobcat
88.1%
Fur seal
87.3%
Beaver
83.7%
Moose
79%
Puffin
76%
Osprey
62.3%
Sparrow
55.4%
Mink
26.1%
Remove Ads.
Support Sporcle.
Get the best of Sporcle when you Go Orange. This ad-free experience offers more features, more stats, and more fun while also helping to support Sporcle. Thank you for becoming a member.

You're not logged in!

Compare scores with friends on all Sporcle quizzes.
OR
Log In

Show Comments

Extras

Top Quizzes Today


Score Distribution

Your Account Isn't Verified!

In order to create a playlist on Sporcle, you need to verify the email address you used during registration. Go to your Sporcle Settings to finish the process.

Report this User

Report this user for behavior that violates our Community Guidelines.

Details: